Loading...
| Literature - World/Other | 0 | 5 | 0 | 0 | 50 | 66 | 94.40 | 0 | 2 | 0.00 | 0.00 |
| Literature - American | 0 | 5 | 1 | 0 | 45 | 77 | 93.00 | 1 | 4 | 0.00 | 0.00 |
| Social Science | 0 | 4 | 0 | 1 | 40 | 76 | 96.50 | 0 | 2 | 0.00 | 0.00 |
| Literature - British | 0 | 4 | 1 | 0 | 35 | 66 | 94.00 | 0 | 3 | 0.00 | 0.00 |
| History - Other | 0 | 3 | 0 | 3 | 30 | 121 | 123.67 | 0 | 1 | 0.00 | 0.00 |
| Philosophy | 0 | 3 | 0 | 2 | 30 | 109 | 120.00 | 0 | 1 | 0.00 | 0.00 |
| Religion | 0 | 3 | 0 | 1 | 30 | 89 | 114.33 | 0 | 1 | 0.00 | 0.00 |
| Fine Arts - Visual | 0 | 3 | 0 | 0 | 30 | 96 | 115.33 | 0 | 0 | 0.00 | 0.00 |
| Literature - European | 0 | 3 | 2 | 0 | 20 | 71 | 103.67 | 0 | 2 | 0.00 | 0.00 |
| Science - Chemistry | 0 | 1 | 0 | 0 | 10 | 105 | 105.00 | 0 | 0 | 0.00 | 0.00 |
| Science - Other | 0 | 1 | 0 | 0 | 10 | 106 | 106.00 | 0 | 0 | 0.00 | 0.00 |
| Pop Culture | 0 | 1 | 0 | 0 | 10 | 90 | 90.00 | 0 | 0 | 0.00 | 0.00 |
| History - European | 0 | 1 | 0 | 0 | 10 | 92 | 92.00 | 0 | 0 | 0.00 | 0.00 |
| History - American | 0 | 1 | 1 | 1 | 5 | 120 | 120.00 | 0 | 0 | 0.00 | 0.00 |
| History - World | 0 | 1 | 1 | 0 | 5 | 92 | 92.00 | 0 | 1 | 0.00 | 0.00 |
| Fine Arts - Other | 0 | 0 | 0 | 0 | 0 | 0.00 | 0 | 0 | 0.00 | 0.00 | |
| Science - Physics | 0 | 0 | 1 | 0 | -5 | 0.00 | 0 | 0 | 0.00 | 0.00 |